Caricamento...
Puthumudrakal/
| Altri autori: | |
|---|---|
| Natura: | Printed Book |
| Lingua: | Malayalam |
| Pubblicazione: |
Mampad:
Publication Dept.,Mampad College,
2017.
|
| LEADER | 00487nam a22001337a 4500 | ||
|---|---|---|---|
| 008 | 170519b xxu||||| |||| 00| 0 mal d | ||
| 082 | |a 851.808 PUT | ||
| 245 | |a Puthumudrakal/ |c ed by Kanakalatha,P.K. | ||
| 260 | |a Mampad: |b Publication Dept.,Mampad College, |c 2017. | ||
| 300 | |b 36p. | ||
| 700 | |a Kanakalatha,P.K. |e editor | ||
| 942 | |c BK | ||
| 999 | |c 236027 |d 236027 | ||
| 952 | |0 0 |1 0 |4 0 |6 851_808000000000000_PUT |7 0 |9 262003 |a MAL |b MAL |c ST1 |d 2017-05-19 |g 50.00 |l 0 |o 851.808 PUT |p MALG128 |r 2017-05-19 |w 2017-05-19 |y BK | ||